| 000 | 00660nam a2200205Ii 4500 | ||
|---|---|---|---|
| 003 | JO-AjNU | ||
| 008 | 230605s9999||||xx |||||||||||||| ||und|| | ||
| 040 |
_aJO-AjNU _bara _erda _cJO-AjNU |
||
| 041 | _aara | ||
| 050 | 1 | 4 | _aKMU49.Z3788.1961 |
| 100 | 3 |
_a الزرقاء، مصطفى احمد , _eauthor _940980 |
|
| 245 | 0 | 0 | _aشرح القانون المدني السوري نظرية الالتزام العامة |
| 250 | _aط 3 | ||
| 264 | 3 | 1 | _aدمشق : د ، ن ، 1961 |
| 300 | _a448ص | ||
| 336 |
_atext _btxt _2rdacontent |
||
| 337 |
_aunmediated _bn _2rdamedia |
||
| 338 |
_avolume _bnc _2rdacarrier |
||
| 650 | 4 |
_aقانون مدني _940981 |
|
| 999 |
_aA17434 _c21002 _d21002 |
||